[Event "Torneo Reyes Ciudad de Manises 2014"]
[Site "Manises ESP"]
[Date "2014.01.03"]
[Round "4.6"]
[White "Aupi Royo, Juan Ignacio"]
[Black "Uran Bermudez, Oliver Kevin"]
[Result "0-1"]
[WhiteElo "1796"]
[BlackElo "2103"]
[PlyCount "80"]
[EventDate "2014.01.02"]
[EventRounds "7"]
[EventCountry "ESP"]
[Source "lmi"]
[SourceDate "2014.01.02"]

1. d4 d5 2. c4 c6 3. Nc3 Nf6 4. cxd5 cxd5 5. Nf3 e6 6. Bg5 Be7 7. e3 O-O 8. Bd3
Nc6 9. Rc1 Nd7 10. Bxe7 Qxe7 11. O-O f5 12. Bb5 g5 13. Bxc6 bxc6 14. Ne5 Nxe5
15. dxe5 c5 16. Rc2 Bd7 17. b3 Kg7 18. Ne2 Bb5 19. Re1 Bxe2 20. Rexe2 Rac8 21.
Qc1 Rc7 22. Rc3 h5 23. Rec2 Rfc8 24. Qd1 Kg6 25. Qe2 Qg7 26. f4 g4 27. Qd3 Qd7
28. Kf2 Qe7 29. Kg1 h4 30. Qe2 g3 31. Qf3 gxh2+ 32. Kxh2 Kh6 33. Qh3 Rg8 34.
Rxc5 Rxc5 35. Rxc5 Rg3 36. Rc2 Rxh3+ 37. gxh3 Qb4 38. Re2 Qb5 39. Re1 Qd3 40.
Kg1 Qd2 0-1

[Event "Torneo Reyes Ciudad de Manises 2014"]
[Site "Manises ESP"]
[Date "2014.01.03"]
[Round "4.7"]
[White "Hernandez Torralba, Jose Joaqu"]
[Black "Nieves Cabanes, Jose Manuel"]
[Result "0-1"]
[WhiteElo "1634"]
[BlackElo "2070"]
[PlyCount "110"]
[EventDate "2014.01.02"]
[EventRounds "7"]
[EventCountry "ESP"]
[Source "lmi"]
[SourceDate "2014.01.02"]

1. e4 c5 2. Nf3 e6 3. d4 cxd4 4. Nxd4 Nc6 5. Nc3 Qc7 6. Be2 a6 7. Be3 b5 8. a3
Nf6 9. O-O Bb7 10. Nxc6 Bxc6 11. Bd3 Be7 12. f4 d6 13. Qf3 O-O 14. Qg3 Rfe8 15.
e5 Nd7 16. f5 exf5 17. Rxf5 Nxe5 18. Raf1 f6 19. Bh6 Ng6 20. R5f2 Kf7 21. Be3
Bd8 22. Bd4 d5 23. Qf3 Kg8 24. Qh5 Qf7 25. Qf3 Bc7 26. Ne2 Rad8 27. Bxg6 Qxg6
28. Qc3 Rc8 29. Bxf6 gxf6 30. Rxf6 Bxh2+ 31. Kxh2 Qh5+ 32. Kg1 Qxe2 33. Qg3+
Kh8 34. Qd6 Qe3+ 35. Kh1 Qe7 36. Qh2 d4 37. Rf7 Qxf7 38. Rxf7 Re1+ 39. Qg1
Rxg1+ 40. Kxg1 Be4 41. Rf4 Bxc2 42. Rxd4 Bg6 43. Rd6 a5 44. Rd5 Rb8 45. b4 a4
46. Kf2 Kg7 47. Ke3 Kf6 48. Rc5 Re8+ 49. Kf2 Re5 50. Rc6+ Kf5 51. Rc3 Ke6 52.
Rc6+ Kd5 53. Rc8 Kd4 54. Rc7 Kd3 55. Kf1 Kd2 0-1

[Event "Torneo Reyes Ciudad de Manises 2014"]
[Site "Manises ESP"]
[Date "2014.01.03"]
[Round "4.11"]
[White "Conejero Gimenez, Jose Melchor"]
[Black "Bono Monreal, Alberto"]
[Result "1-0"]
[WhiteElo "1980"]
[BlackElo "1493"]
[PlyCount "85"]
[EventDate "2014.01.02"]
[EventRounds "7"]
[EventCountry "ESP"]
[Source "lmi"]
[SourceDate "2014.01.02"]

1. e4 e5 2. Nf3 Nc6 3. Bb5 a6 4. Bxc6 dxc6 5. O-O Bg4 6. h3 h5 7. d3 Qf6 8.
Nbd2 Bxf3 9. Qxf3 Qxf3 10. Nxf3 Bd6 11. b3 f6 12. Bb2 O-O-O 13. d4 exd4 14.
Bxd4 g5 15. Nxg5 Bh2+ 16. Kxh2 Rxd4 17. Nf3 Rxe4 18. Rfe1 Re7 19. Nh4 Rxe1 20.
Rxe1 Kd7 21. Ng6 Rh6 22. Nh4 b6 23. Rd1+ Kc8 24. Re1 Kd7 25. Kg3 c5 26. Kf4 a5
27. Rd1+ Ke6 28. Re1+ Kd7 29. Rd1+ Ke6 30. Rd8 Ne7 31. Re8 Rh7 32. Ng6 Kd7 33.
Rxe7+ Rxe7 34. Nxe7 Kxe7 35. Kf5 Kf7 36. f3 c6 37. g4 hxg4 38. fxg4 c4 39. bxc4
b5 40. c5 b4 41. h4 a4 42. h5 b3 43. cxb3 1-0

[Event "Torneo Reyes Ciudad de Manises 2014"]
[Site "Manises ESP"]
[Date "2014.01.03"]
[Round "4.12"]
[White "Birnoveanu, Petru"]
[Black "Galvan Cipriani, Viviana"]
[Result "0-1"]
[WhiteElo "1753"]
[BlackElo "1456"]
[PlyCount "80"]
[EventDate "2014.01.02"]
[EventRounds "7"]
[EventCountry "ESP"]
[Source "lmi"]
[SourceDate "2014.01.02"]

1. d4 Nf6 2. c4 e6 3. Nc3 c5 4. e3 cxd4 5. exd4 d6 6. Bd3 Be7 7. Nge2 O-O 8. h4
Re8 9. Be3 Nbd7 10. Qd2 Rb8 11. f3 a6 12. g4 b6 13. h5 Bb7 14. Rf1 Nf8 15.
O-O-O Qc7 16. Kb1 Rec8 17. Ng1 Bc6 18. Rc1 Qb7 19. Qh2 b5 20. cxb5 axb5 21. g5
N6d7 22. g6 fxg6 23. hxg6 h6 24. Ne4 Bxe4 25. fxe4 Ra8 26. Rxc8 Rxc8 27. Bxh6
gxh6 28. Qxh6 Bf6 29. e5 Bg7 30. Qh3 dxe5 31. Nf3 e4 32. Ng5 exd3 33. Nxe6 Qc6
34. Rxf8+ Nxf8 35. Nc5 Qe8 36. Nxd3 Bxd4 37. a3 Bg7 38. Ka2 Rd8 39. Nf4 Qc6 40.
Qf5 Qc4+ 0-1

[Event "Torneo Reyes Ciudad de Manises 2014"]
[Site "Manises ESP"]
[Date "2014.01.03"]
[Round "4.14"]
[White "Harutyunyan, Tigran"]
[Black "Aimimir Gimenez, Jose"]
[Result "1-0"]
[WhiteElo "1915"]
[BlackElo "1618"]
[PlyCount "35"]
[EventDate "2014.01.02"]
[EventRounds "7"]
[EventCountry "ESP"]
[Source "lmi"]
[SourceDate "2014.01.02"]

1. d4 d5 2. c4 c6 3. Nf3 Nf6 4. Qc2 Bg4 5. Ne5 Bh5 6. Nd2 e6 7. Ndf3 Nbd7 8.
Bg5 Bxf3 9. Nxf3 h6 10. Bh4 Qa5+ 11. Kd1 dxc4 12. Qxc4 Nb6 13. Qc2 Nfd5 14. e3
Bd6 15. Bd3 Nb4 16. Qd2 N6d5 17. Ke2 Nxa2 18. Qxa5 1-0

[Event "Torneo Reyes Ciudad de Manises 2014"]
[Site "Manises ESP"]
[Date "2014.01.03"]
[Round "4.15"]
[White "Nieves Pamplona, Juan Miguel"]
[Black "Avila Sanchez, Miguel Angel"]
[Result "0-1"]
[WhiteElo "1536"]
[BlackElo "1860"]
[PlyCount "154"]
[EventDate "2014.01.02"]
[EventRounds "7"]
[EventCountry "ESP"]
[Source "lmi"]
[SourceDate "2014.01.02"]

1. Nf3 f5 2. g3 Nf6 3. d3 g6 4. Bg2 Bg7 5. O-O O-O 6. Re1 d6 7. Nbd2 c6 8. e4
e5 9. Nh4 f4 10. Nf1 Ng4 11. Nf3 Nd7 12. h3 Nh6 13. g4 Nf7 14. N1h2 Ng5 15.
Nxg5 Qxg5 16. Nf3 Qe7 17. a4 Nc5 18. b4 Ne6 19. c3 Ng5 20. b5 Nxf3+ 21. Qxf3
Be6 22. c4 a6 23. b6 a5 24. Rb1 Ra6 25. Ba3 c5 26. Rb2 Bd7 27. Qd1 Qe8 28. Qd2
Bxa4 29. Bf3 Qd8 30. Reb1 Qh4 31. Kh2 Bd7 32. Qe1 h5 33. Qg1 Bf6 34. Qg2 Kf7
35. Rg1 hxg4 36. Bxg4 Bxg4 37. Qxg4 Qxg4 38. hxg4 Rh8+ 39. Kg2 Bd8 40. Rgb1 Ke6
41. Rb5 Kd7 42. Bc1 Kc6 43. Ra1 Bxb6 44. Rab1 Rh7 45. Bd2 a4 46. Bc3 Bd8 47. f3
b6 48. Ra1 Bh4 49. Be1 Bxe1 50. Rxe1 a3 51. Ra1 a2 52. Rb2 Rha7 53. Kh3 g5 54.
Kg2 Ra3 55. Rd2 Ra8 56. Kf2 Rh8 57. Kg2 Rha8 58. Kf2 Rc3 59. Ke2 Raa3 60. Raxa2
Rxd3 61. Rxa3 Rxa3 62. Rc2 Re3+ 63. Kf2 Rb3 64. Ke2 b5 65. cxb5+ Rxb5 66. Ra2
Kb7 67. Rd2 Rb6 68. Rd1 Rb2+ 69. Kd3 Rb3+ 70. Kc4 Rxf3 71. Rxd6 Re3 72. Rg6
Rxe4+ 73. Kxc5 f3 74. Rxg5 f2 75. Rg7+ Kc8 76. Rg8+ Kd7 77. Rg7+ Ke6 0-1

[Event "Torneo Reyes Ciudad de Manises 2014"]
[Site "Manises ESP"]
[Date "2014.01.03"]
[Round "4.16"]
[White "Carbonell Sancho, Marc"]
[Black "Cruz Fiallos, Hamilton Tarley"]
[Result "0-1"]
[WhiteElo "1410"]
[BlackElo "1844"]
[PlyCount "58"]
[EventDate "2014.01.02"]
[EventRounds "7"]
[EventCountry "ESP"]
[Source "lmi"]
[SourceDate "2014.01.02"]

1. e4 d5 2. exd5 c6 3. dxc6 e5 4. cxb7 Bxb7 5. Bb5+ Nd7 6. Nf3 Bd6 7. d3 Ngf6
8. Nbd2 O-O 9. O-O Qb8 10. Bxd7 Nxd7 11. Ne4 Bc7 12. Re1 h6 13. b3 a5 14. Bb2
a4 15. Qe2 Re8 16. Qf1 Ra6 17. Re2 Qa8 18. h3 f5 19. Ned2 Rg6 20. Kh1 e4 21.
Ne1 Nf6 22. Bxf6 gxf6 23. f3 Qa5 24. fxe4 fxe4 25. Nxe4 Kh8 26. Nf3 Qh5 27.
Rae1 Reg8 28. b4 f5 29. Nc5 Rxg2 0-1

[Event "Torneo Reyes Ciudad de Manises 2014"]
[Site "Manises ESP"]
[Date "2014.01.03"]
[Round "4.17"]
[White "Gil Lopez, Alejandro"]
[Black "Grau Navarro, Salvador"]
[Result "1/2-1/2"]
[WhiteElo "1285"]
[BlackElo "1799"]
[PlyCount "31"]
[EventDate "2014.01.02"]
[EventRounds "7"]
[EventCountry "ESP"]
[Source "lmi"]
[SourceDate "2014.01.02"]

1. e4 d6 2. Nf3 Nf6 3. Nc3 c6 4. Bc4 Nxe4 5. Bxf7+ Kxf7 6. Nxe4 h6 7. d4 e6 8.
Bf4 Be7 9. Nfd2 Rf8 10. Qh5+ Kg8 11. Bxh6 gxh6 12. Qg6+ Kh8 13. Qxh6+ Kg8 14.
Qg6+ Kh8 15. Qh6+ Kg8 16. Qg6+ 1/2-1/2

[Event "Torneo Reyes Ciudad de Manises 2014"]
[Site "Manises ESP"]
[Date "2014.01.03"]
[Round "4.18"]
[White "Hernandez Torralba, Sergio"]
[Black "Arce Martinez, Jose Miguel"]
[Result "0-1"]
[WhiteElo "1771"]
[BlackElo "1790"]
[PlyCount "134"]
[EventDate "2014.01.02"]
[EventRounds "7"]
[EventCountry "ESP"]
[Source "lmi"]
[SourceDate "2014.01.02"]

1. e4 e5 2. Nf3 Nc6 3. Bc4 Nf6 4. d4 Na5 5. dxe5 Nxc4 6. exf6 Qxf6 7. Qd4 Qxd4
8. Nxd4 Bc5 9. Nb5 Bb6 10. b3 Ne5 11. Bb2 f6 12. a4 Nc6 13. N1c3 a6 14. Na3 Bd4
15. Nc4 Nb4 16. Rc1 Bxc3+ 17. Bxc3 Na2 18. Kd2 Nxc1 19. Rxc1 d6 20. Ne3 Be6 21.
Rd1 O-O-O 22. Kc1 Rhe8 23. f3 Bd7 24. Nd5 Bc6 25. Nb4 Kd7 26. Nd3 b6 27. e5 Rf8
28. exf6 gxf6 29. Bxf6 Rxf6 30. Ne5+ Kc8 31. Nxc6 Re8 32. Rd2 Rfe6 33. Nd4 Re1+
34. Kb2 c5 35. Nf5 Kd7 36. Ng3 Kc6 37. c4 Rd8 38. f4 d5 39. cxd5+ Rxd5 40. Rf2
Red1 41. Kc2 Ra1 42. Kb2 Rdd1 43. f5 Rab1+ 44. Ka2 Ra1+ 45. Kb2 Rdb1+ 46. Kc3
Ra3 47. Rb2 Rc1+ 48. Kd3 Rd1+ 49. Ke3 c4 50. f6 Rxb3+ 51. Rxb3 cxb3 52. f7 Rd8
53. Ne4 Rf8 54. Kd3 Rxf7 55. Kc3 b5 56. axb5+ axb5 57. Kxb3 Re7 58. Nf6 Re2 59.
Nxh7 Rxg2 60. Nf6 Rxh2 61. Ng4 Rh3+ 62. Kb2 b4 63. Ne5+ Kc5 64. Nd7+ Kc4 65.
Ne5+ Kb5 66. Nf7 Ka4 67. Ng5 Rh2+ 0-1

[Event "Torneo Reyes Ciudad de Manises 2014"]
[Site "Manises ESP"]
[Date "2014.01.03"]
[Round "4.20"]
[White "Candel Ribarrocha, Rafael"]
[Black "Lopez Palomar, Jose"]
[Result "0-1"]
[WhiteElo "1125"]
[BlackElo "1635"]
[PlyCount "60"]
[EventDate "2014.01.02"]
[EventRounds "7"]
[EventCountry "ESP"]
[Source "lmi"]
[SourceDate "2014.01.02"]

1. e4 d6 2. d4 Nf6 3. Nc3 g6 4. h3 Bg7 5. Nf3 O-O 6. Bc4 a6 7. O-O b5 8. Be2
Bb7 9. e5 Nfd7 10. a3 dxe5 11. dxe5 Nxe5 12. Bf4 Qxd1 13. Rfxd1 Nxf3+ 14. Bxf3
Bxf3 15. gxf3 c5 16. Rd2 Nc6 17. Rad1 Nd4 18. Kg2 Rad8 19. b4 Ne6 20. Ne2 Nxf4+
21. Nxf4 Rxd2 22. Rxd2 Bh6 23. Kg3 e5 24. Kg4 f5+ 25. Kh4 Bxf4 26. Rd6 cxb4 27.
axb4 Kg7 28. Rxa6 Rf6 29. Ra5 g5+ 30. Kh5 Rh6# 0-1

[Event "Torneo Reyes Ciudad de Manises 2014"]
[Site "Manises ESP"]
[Date "2014.01.03"]
[Round "5.1"]
[White "Gimenez Menchon, Cesar"]
[Black "Ballester Sanz, Joaquin"]
[Result "1-0"]
[WhiteElo "2032"]
[BlackElo "2170"]
[PlyCount "94"]
[EventDate "2014.01.02"]
[EventRounds "7"]
[EventCountry "ESP"]
[Source "lmi"]
[SourceDate "2014.01.02"]

1. e4 c5 2. Nf3 d6 3. Bb5+ Bd7 4. Bxd7+ Qxd7 5. O-O Nc6 6. c3 Nf6 7. d4 e5 8.
dxe5 dxe5 9. Qe2 Rd8 10. Bg5 Be7 11. Na3 O-O 12. Rad1 Qg4 13. Bxf6 Bxf6 14. Nc4
Qe6 15. Ne3 Rxd1 16. Rxd1 Qxa2 17. Nd5 Bd8 18. Qb5 Qa6 19. Qxa6 bxa6 20. Nd2 f6
21. Nc4 Rf7 22. Nde3 Rc7 23. Ra1 a5 24. Nxa5 Nxa5 25. Rxa5 Rd7 26. Rxc5 Kf7 27.
Rd5 Ke6 28. Rxd7 Kxd7 29. Kf1 a5 30. Ke2 Kc6 31. Kd3 Kc5 32. b3 Bb6 33. Nd5 Bd8
34. b4+ axb4 35. cxb4+ Kb5 36. Kc3 g6 37. Kb3 f5 38. Nc3+ Kc6 39. Kc4 Bb6 40.
f3 fxe4 41. Nxe4 Bg1 42. h3 Be3 43. b5+ Kb6 44. Nf6 Bg5 45. Nd7+ Kc7 46. Nxe5
Be3 47. Kd5 h5 1-0

[Event "Torneo Reyes Ciudad de Manises 2014"]
[Site "Manises ESP"]
[Date "2014.01.03"]
[Round "5.2"]
[White "Uran Bermudez, Oliver Kevin"]
[Black "Nieves Cabanes, Javier"]
[Result "1-0"]
[WhiteElo "2103"]
[BlackElo "2068"]
[PlyCount "37"]
[EventDate "2014.01.02"]
[EventRounds "7"]
[EventCountry "ESP"]
[Source "lmi"]
[SourceDate "2014.01.02"]

1. e4 c5 2. Nf3 e6 3. d4 cxd4 4. Nxd4 Nc6 5. Nc3 Qc7 6. Be2 a6 7. O-O Nf6 8.
Kh1 Nxd4 9. Qxd4 Bc5 10. Qd3 b5 11. Bf3 Qe5 12. Ne2 g5 13. Bd2 b4 14. a3 a5 15.
axb4 Bd6 16. g3 Ba6 17. b5 Qxb5 18. Qxd6 g4 19. Bc3 1-0

[Event "Torneo Reyes Ciudad de Manises 2014"]
[Site "Manises ESP"]
[Date "2014.01.03"]
[Round "5.3"]
[White "Perez Garcia, Jose Miguel"]
[Black "Gimeno Higueras, Roberto"]
[Result "1/2-1/2"]
[WhiteElo "1914"]
[BlackElo "2198"]
[PlyCount "96"]
[EventDate "2014.01.02"]
[EventRounds "7"]
[EventCountry "ESP"]
[Source "lmi"]
[SourceDate "2014.01.02"]

1. d4 Nf6 2. Nf3 e6 3. g3 b6 4. Bg2 Bb7 5. O-O Be7 6. c4 O-O 7. Nc3 d6 8. d5 e5
9. Nxe5 dxe5 10. d6 Bxg2 11. dxe7 Qxe7 12. Kxg2 Rd8 13. Qc2 h6 14. b3 Nc6 15.
e3 Rd7 16. Rd1 Rad8 17. Rxd7 Qxd7 18. Ba3 Qd3 19. Rc1 e4 20. Qxd3 Rxd3 21. Rc2
Ne5 22. h3 c5 23. Kf1 Nf3 24. Rc1 Kh7 25. Bb2 Rd2 26. Ba3 Ne5 27. Rd1 Rc2 28.
Rc1 Rd2 29. Rd1 Rxd1+ 30. Nxd1 Nd3 31. Ke2 a6 32. f3 Ne5 33. fxe4 Nxe4 34. g4
Kg6 35. Bb2 Nc6 36. Nc3 Nxc3+ 37. Bxc3 f6 38. Kf3 Kf7 39. Ke4 Ke6 40. h4 b5 41.
cxb5 axb5 42. a3 b4 43. axb4 cxb4 44. Bd2 Kd6 45. Kf5 Ne7+ 46. Ke4 Kc5 47. h5
Nc6 48. Kf5 Ne5 1/2-1/2

[Event "Torneo Reyes Ciudad de Manises 2014"]
[Site "Manises ESP"]
[Date "2014.01.03"]
[Round "5.4"]
[White "Cebrian Flores, Juan Antonio"]
[Black "Pavia Miralles, Jose Manuel"]
[Result "1/2-1/2"]
[WhiteElo "1992"]
[BlackElo "2163"]
[PlyCount "44"]
[EventDate "2014.01.02"]
[EventRounds "7"]
[EventCountry "ESP"]
[Source "lmi"]
[SourceDate "2014.01.02"]

1. d4 f5 2. Nf3 Nf6 3. g3 g6 4. Bg2 Bg7 5. O-O d6 6. c4 O-O 7. Nc3 Nc6 8. d5
Na5 9. Nd2 c5 10. a3 Ng4 11. Qc2 Ne5 12. b3 Rb8 13. Rb1 Bd7 14. Bb2 a6 15. Nd1
b5 16. f4 Ng4 17. Bxg7 Kxg7 18. h3 Nf6 19. Nf2 e6 20. e4 fxe4 21. Nfxe4 exd5
22. cxd5 Bf5 1/2-1/2

[Event "Torneo Reyes Ciudad de Manises 2014"]
[Site "Manises ESP"]
[Date "2014.01.03"]
[Round "5.5"]
[White "Rodriguez Valencoso, Juan Carl"]
[Black "Molina Ballester, Sergio"]
[Result "1/2-1/2"]
[WhiteElo "2159"]
[BlackElo "2001"]
[PlyCount "67"]
[EventDate "2014.01.02"]
[EventRounds "7"]
[EventCountry "ESP"]
[Source "lmi"]
[SourceDate "2014.01.02"]

1. e4 c5 2. Nf3 d6 3. g3 Nf6 4. d3 g6 5. Bg2 Bg7 6. O-O Nc6 7. Nbd2 O-O 8. h3
Rb8 9. Nh4 b5 10. f4 Qb6 11. Kh2 Ba6 12. Ndf3 b4 13. Re1 Nd7 14. f5 c4 15. Be3
Nd4 16. dxc4 Nxf3+ 17. Nxf3 Qc7 18. b3 Bxa1 19. Qxa1 Nc5 20. Bh6 e5 21. f6 Qd8
22. Bxf8 Kxf8 23. Ng5 h6 24. Nf3 Qxf6 25. Rf1 Qe6 26. Qe1 Bc8 27. Qe3 Kg7 28.
Nh4 Qe7 29. Rf2 Qg5 30. Qe2 Be6 31. Qd1 Rd8 32. Rd2 Qe7 33. Rf2 Qg5 34. Rd2
1/2-1/2

[Event "Torneo Reyes Ciudad de Manises 2014"]
[Site "Manises ESP"]
[Date "2014.01.03"]
[Round "5.6"]
[White "Capella Gimenez, Jose M"]
[Black "Esteban Hernandez, Eusebio"]
[Result "1-0"]
[WhiteElo "2099"]
[BlackElo "1847"]
[PlyCount "72"]
[EventDate "2014.01.02"]
[EventRounds "7"]
[EventCountry "ESP"]
[Source "lmi"]
[SourceDate "2014.01.02"]

1. d4 Nf6 2. c4 d6 3. Nc3 g6 4. e4 Bg7 5. Be2 O-O 6. Nf3 Nbd7 7. e5 dxe5 8.
dxe5 Ng4 9. e6 fxe6 10. O-O Nge5 11. Ng5 Nb6 12. Nb5 c6 13. Qxd8 Rxd8 14. Nc7
Rb8 15. Ncxe6 Bxe6 16. Nxe6 Rd7 17. Nxg7 Kxg7 18. Bf4 Kf6 19. Rfe1 Rbd8 20.
Bxe5+ Kxe5 21. Bg4+ Kf6 22. Bxd7 Nxd7 23. Rad1 e6 24. Rd6 Kf7 25. Rexe6 Nb6 26.
Rf6+ Ke7 27. Rfe6+ Kf7 28. Rxd8 Kxe6 29. b3 Nd7 30. Re8+ Kd6 31. Rh8 h5 32. Rg8
Kc5 33. Rxg6 Kb4 34. Rg7 Nc5 35. Rg5 Ne4 36. Rxh5 Nc3 1-0

[Event "Torneo Reyes Ciudad de Manises 2014"]
[Site "Manises ESP"]
[Date "2014.01.03"]
[Round "5.7"]
[White "Nieves Cabanes, Jose Manuel"]
[Black "Molina Ballester, Saul"]
[Result "1-0"]
[WhiteElo "2070"]
[BlackElo "1823"]
[PlyCount "63"]
[EventDate "2014.01.02"]
[EventRounds "7"]
[EventCountry "ESP"]
[Source "lmi"]
[SourceDate "2014.01.02"]

1. d4 Nf6 2. c4 e6 3. Nf3 d5 4. cxd5 exd5 5. Bg5 Bb4+ 6. Nc3 Nbd7 7. e3 O-O 8.
Bd3 h6 9. Bh4 c5 10. O-O c4 11. Nxd5 Qa5 12. Nxf6+ gxf6 13. Bxc4 Nb6 14. Be2
Kg7 15. a3 Bd6 16. Bg3 Bxg3 17. hxg3 Re8 18. b4 Qd5 19. Nd2 Bd7 20. Bf3 Qg5 21.
Bxb7 Ba4 22. Qf3 Rab8 23. Ne4 Qg6 24. Nc5 Re7 25. Be4 Qg5 26. Bf5 h5 27. Nxa4
Nxa4 28. Rfc1 a5 29. Bc2 Nc3 30. Bd3 axb4 31. axb4 Nd5 32. Rc5 1-0

[Event "Torneo Reyes Ciudad de Manises 2014"]
[Site "Manises ESP"]
[Date "2014.01.03"]
[Round "5.8"]
[White "Costa Grau, Adrian"]
[Black "Pena Riasco, Alexander"]
[Result "0-1"]
[WhiteElo "1569"]
[BlackElo "2154"]
[PlyCount "42"]
[EventDate "2014.01.02"]
[EventRounds "7"]
[EventCountry "ESP"]
[Source "lmi"]
[SourceDate "2014.01.02"]

1. e4 d5 2. exd5 Qxd5 3. Nc3 Qa5 4. d4 Nf6 5. Bc4 Bg4 6. Nf3 Nc6 7. Bb5 O-O-O
8. Bxc6 bxc6 9. Be3 e5 10. Bd2 exd4 11. Ne4 Bb4 12. Nxf6 gxf6 13. Bxb4 Qxb4+
14. Qd2 Rhe8+ 15. Kf1 Qxb2 16. Rd1 Qc3 17. Qxc3 dxc3 18. Rc1 Rd2 19. Re1 Rxe1+
20. Nxe1 Be2+ 21. Kg1 Rd1 0-1

[Event "Torneo Reyes Ciudad de Manises 2014"]
[Site "Manises ESP"]
[Date "2014.01.03"]
[Round "5.9"]
[White "Galvan Cipriani, Viviana"]
[Black "Salvador Lopez, Daniel"]
[Result "1-0"]
[WhiteElo "1456"]
[BlackElo "2125"]
[PlyCount "131"]
[EventDate "2014.01.02"]
[EventRounds "7"]
[EventCountry "ESP"]
[Source "lmi"]
[SourceDate "2014.01.02"]

1. c4 c6 2. Nf3 Nf6 3. e3 d5 4. d4 Bf5 5. Bd3 Bxd3 6. Qxd3 e6 7. O-O Nbd7 8.
Nbd2 Be7 9. b3 O-O 10. Bb2 a5 11. Ne5 dxc4 12. Nexc4 a4 13. f4 a3 14. Bc3 Nd5
15. Nf3 Nxc3 16. Qxc3 Nf6 17. Nce5 Qd5 18. Rae1 Ne4 19. Qd3 Rfd8 20. Rd1 f6 21.
Nc4 Ra6 22. Nfd2 Nxd2 23. Nxd2 c5 24. Nf3 cxd4 25. Qxd4 Bc5 26. Qc3 Qxd1 27.
Rxd1 Rxd1+ 28. Kf2 Bf8 29. Nd4 Rd6 30. Qc8 R1xd4 31. exd4 Rc6 32. Qd7 Rd6 33.
Qc8 b5 34. b4 Kf7 35. Qb7+ Be7 36. Ke3 Rd5 37. Qc7 g5 38. fxg5 fxg5 39. Qa7 e5
40. dxe5 Rxe5+ 41. Kd4 Rf5 42. Qxa3 Rf4+ 43. Ke5 Rxb4 44. Qf3+ Kg7 45. Ke6 Rf4
46. Qxf4 gxf4 47. Kxe7 Kg6 48. Kd6 Kf5 49. Kc5 Ke4 50. Kxb5 Ke3 51. a4 Kf2 52.
a5 Kxg2 53. a6 f3 54. a7 f2 55. a8=Q+ Kg1 56. Qg8+ Kh1 57. Qd5+ Kxh2 58. Qh5+
Kg2 59. Qg4+ Kh1 60. Qh3+ Kg1 61. Qg3+ Kf1 62. Kc4 h5 63. Kd3 h4 64. Qxh4 Kg2
65. Qg4+ Kh2 66. Ke2 1-0

[Event "Torneo Reyes Ciudad de Manises 2014"]
[Site "Manises ESP"]
[Date "2014.01.03"]
[Round "5.10"]
[White "Lopez Palomar, Jose"]
[Black "Harutyunyan, Tigran"]
[Result "0-1"]
[WhiteElo "1635"]
[BlackElo "1915"]
[PlyCount "82"]
[EventDate "2014.01.02"]
[EventRounds "7"]
[EventCountry "ESP"]
[Source "lmi"]
[SourceDate "2014.01.02"]

1. d4 d5 2. Bf4 e6 3. Nf3 Bd6 4. Bg3 Ne7 5. e3 Nf5 6. Bd3 Nxg3 7. hxg3 h6 8.
Nc3 c6 9. Ne2 Nd7 10. c3 e5 11. Bc2 e4 12. Nd2 Qe7 13. Nf4 Nf6 14. Qe2 Bf5 15.
O-O-O O-O-O 16. f3 g5 17. g4 gxf4 18. gxf5 exf3 19. Nxf3 fxe3 20. Rd3 Rde8 21.
Ne5 Bxe5 22. dxe5 Qxe5 23. Re1 Qf4 24. Qf3 Qg5 25. Kb1 Ne4 26. Ka1 Nd2 27. Qe2
Nc4 28. Bb3 Nd6 29. Rxe3 Rxe3 30. Qxe3 Qxe3 31. Rxe3 Nxf5 32. Re2 Kd7 33. a3
Re8 34. Rf2 Nd6 35. Rf6 Re1+ 36. Ka2 Re6 37. Rf3 Ke7 38. Bc2 Re2 39. Bb1 Nc4
40. g3 Rxb2+ 41. Ka1 Rxb1+ 0-1

[Event "Torneo Reyes Ciudad de Manises 2014"]
[Site "Manises ESP"]
[Date "2014.01.03"]
[Round "5.11"]
[White "Avila Sanchez, Miguel Angel"]
[Black "Barrachina Blanco, Francisco"]
[Result "1-0"]
[WhiteElo "1860"]
[BlackElo "1679"]
[PlyCount "53"]
[EventDate "2014.01.02"]
[EventRounds "7"]
[EventCountry "ESP"]
[Source "lmi"]
[SourceDate "2014.01.02"]

1. e4 e5 2. Nf3 Nc6 3. d4 exd4 4. Bc4 h6 5. Nxd4 Be7 6. Qh5 g6 7. Qd5 Rh7 8.
Nxc6 dxc6 9. Qxd8+ Bxd8 10. Nc3 Be7 11. Bf4 Bd6 12. e5 Bb4 13. Bd2 Ne7 14.
O-O-O Be6 15. Bxe6 fxe6 16. Ne4 Bxd2+ 17. Rxd2 Rh8 18. Nc5 Kf7 19. Nxb7 Rab8
20. Na5 Rb5 21. Nc4 Rhb8 22. b3 Rd5 23. f4 Rbd8 24. Rhd1 h5 25. Ne3 Rxd2 26.
Rxd2 Nd5 27. c4 1-0

[Event "Torneo Reyes Ciudad de Manises 2014"]
[Site "Manises ESP"]
[Date "2014.01.03"]
[Round "5.13"]
[White "Bono Monreal, Alberto"]
[Black "Aupi Royo, Juan Ignacio"]
[Result "0-1"]
[WhiteElo "1493"]
[BlackElo "1796"]
[PlyCount "72"]
[EventDate "2014.01.02"]
[EventRounds "7"]
[EventCountry "ESP"]
[Source "lmi"]
[SourceDate "2014.01.02"]

1. e4 Nf6 2. e5 Nd5 3. c4 Nb6 4. d4 e6 5. Nc3 d6 6. exd6 cxd6 7. Nf3 Be7 8. Bd3
Bd7 9. O-O Bc6 10. a4 Qc8 11. b3 Bxf3 12. Qxf3 Nc6 13. Be3 Nd7 14. Ne4 Nf6 15.
Qg3 Kf8 16. Nxd6 Qd7 17. c5 Rd8 18. Rad1 Bxd6 19. cxd6 Qxd6 20. Qf3 Qd5 21.
Qxd5 Nxd5 22. Bc4 Ke7 23. Bxd5 Rxd5 24. Rd2 Rhd8 25. Rfd1 h6 26. h3 g5 27. f3
f5 28. Kf1 f4 29. Bf2 e5 30. Re1 Ke6 31. Re4 Kf5 32. g4+ fxg3 33. Bxg3 Nxd4 34.
Bxe5 Nxf3 35. Rxd5 Rxd5 36. Re3 Nxe5 0-1

[Event "Torneo Reyes Ciudad de Manises 2014"]
[Site "Manises ESP"]
[Date "2014.01.03"]
[Round "5.14"]
[White "Vila Tormo, Eduardo"]
[Black "Hernandez Torralba, Jose Joaqu"]
[Result "1/2-1/2"]
[WhiteElo "1718"]
[BlackElo "1634"]
[PlyCount "100"]
[EventDate "2014.01.02"]
[EventRounds "7"]
[EventCountry "ESP"]
[Source "lmi"]
[SourceDate "2014.01.02"]

1. d4 Nf6 2. Nc3 g6 3. e4 d6 4. Nf3 Bg7 5. Bc4 O-O 6. h3 Nbd7 7. Be3 b6 8. e5
Ne8 9. e6 fxe6 10. Bxe6+ Kh8 11. Ng5 Ndf6 12. Nf7+ Rxf7 13. Bxf7 Bb7 14. O-O
Qd7 15. d5 c6 16. Be6 Qc7 17. Qd2 cxd5 18. Nxd5 Nxd5 19. Bxd5 Bxb2 20. Bxb7
Qxb7 21. Bd4+ Bxd4 22. Qxd4+ Nf6 23. Rfe1 Rc8 24. Re2 Qd5 25. Qb2 e5 26. Rae1
Nd7 27. f4 Re8 28. Qa3 Qd4+ 29. Re3 a5 30. fxe5 Rxe5 31. Kh1 Qd2 32. Qd3 Qxd3
33. cxd3 Kg7 34. Rxe5 dxe5 35. d4 Kf6 36. Rf1+ Ke6 37. dxe5 Nxe5 38. Rc1 Kd7
39. Kg1 Nc6 40. Kf2 Nb4 41. Rd1+ Ke7 42. a3 Nc2 43. Rb1 Nxa3 44. Rxb6 Kf7 45.
Rb3 Nc4 46. Rc3 Nb6 47. Rc5 a4 48. Rb5 Nc4 49. Rb4 Ne5 50. Rxa4 Kf6 1/2-1/2

[Event "Torneo Reyes Ciudad de Manises 2014"]
[Site "Manises ESP"]
[Date "2014.01.03"]
[Round "5.17"]
[White "Osuna Franco, Claudio"]
[Black "Gil Lopez, Alejandro"]
[Result "0-1"]
[WhiteElo "1366"]
[BlackElo "1285"]
[PlyCount "56"]
[EventDate "2014.01.02"]
[EventRounds "7"]
[EventCountry "ESP"]
[Source "lmi"]
[SourceDate "2014.01.02"]

1. e4 c5 2. d3 g6 3. Nf3 Bg7 4. g3 Nc6 5. Bf4 Bxb2 6. Nbd2 Bxa1 7. Qxa1 Nf6 8.
Bg2 d6 9. O-O Bg4 10. h3 Bxf3 11. Nxf3 Qc7 12. h4 O-O-O 13. Bh3+ Nd7 14. e5
dxe5 15. Nxe5 Ncxe5 16. Bxe5 Qc6 17. Bxh8 f6 18. Bg7 Rg8 19. Bh6 g5 20. hxg5
fxg5 21. Re1 Qxh6 22. Be6 Rf8 23. Qc3 b6 24. d4 Qf6 25. Qc4 Qxf2+ 26. Kh1 Qxe1+
27. Kh2 Qf2+ 28. Kh3 Qf1+ 0-1